[Event "Erfurt (Women)"]
[Site "Erfurt"]
[Date "2010.07.03"]
[Round "3"]
[White "Jussupow, Ekaterina"]
[Black "Osmanodja, Filiz"]
[Result "1-0"]
[WhiteElo "2174"]
[BlackElo "2061"]
[PlyCount "203"]
[EventDate "2010.07.03"]
[EventType "tourn"]
[EventRounds "9"]
[EventCountry "GER"]
[SourceTitle "CBM 137 Extra"]
[Source "ChessBase"]
[SourceDate "2010.09.01"]
[SourceVersion "1"]
[SourceVersionDate "2010.09.01"]
[SourceQuality "1"]

1. e4 c5 2. Nf3 d6 3. d4 cxd4 4. Nxd4 Nf6 5. Nc3 a6 6. h3 e6 7. g4 Be7 8. Bg2 Nc6 9. Be3 Rb8 10. a4 0-0 11. 0-0 Qc7 12. Qe2 Na5 13. Rfd1 b6 14. Qd3 Bb7 15. Nde2 Nc4 16. Bc1 Rbd8 17. b3 Ne5 18. Qg3 Ned7 19. g5 Ne8 20. Bb2 Qc5 21. h4 e5 22. Ba3 Qc7 23. Qg4 g6 24. Rac1 Ng7 25. Nd5 Bxd5 26. Rxd5 f5 27. exf5 Rxf5 28. Be4 Rf7 29. Rd3 Kh8 30. Rc3 Qb8 31. Rc6 Nc5 32. Bd5 Rf5 33. Rd1 Rdf8 34. f3 a5 35. Bc1 Rd8 36. Ng3 Rff8 37. b4 axb4 38. Qxb4 Qa7 39. Be3 Rb8 40. Ra1 Nf5 41. Nxf5 Rxf5 42. Kg2 Bf8 43. h5 gxh5 44. Qh4 Qg7 45. Kf2 Be7 46. Rg1 Rbf8 47. c3 e4 48. Bd4 Nd3+ 49. Ke2 Ne5 50. Bxe4 Rxg5 51. Rxg5 Bxg5 52. Qxh5 Be7 53. Qh3 Rg8 54. Rc8 Bf6 55. f4 Ng4 56. Rxg8+ Qxg8 57. Bxh7 Qxh7 58. Qxg4 Qc2+ 59. Ke3 Bxd4+ 60. cxd4 Qb3+ 61. Ke4 Qxa4 62. Qc8+ Kg7 63. Qc7+ Kg8 64. Qxb6 Qc2+ 65. Kd5 Qf5+ 66. Kxd6 Qxf4+ 67. Kc6 Qf6+ 68. Kb5 Qf5+ 69. Qc5 Qb1+ 70. Kc6 Qg6+ 71. Kd7 Qg4+ 72. Kc6 Qe6+ 73. Kb7 Qd7+ 74. Kb8 Qa4 75. d5 Qb3+ 76. Kc7 Kf7 77. d6 Ke6 78. Qc6 Qg3 79. Qe4+ Kf7 80. Qe7+ Kg6 81. Kd8 Qa3 82. Qe4+ Kf7 83. Qe7+ Kg6 84. Qe6+ Kg7 85. d7 Qa8+ 86. Ke7 Qa3+ 87. Qd6 Qe3+ 88. Kd8 Kf7 89. Kc8 Qc3+ 90. Qc7 Qh3 91. Qf4+ Kg8 92. Qe5 Qg4 93. Kc7 Qc4+ 94. Kd8 Qh4+ 95. Ke8 Qa4 96. Qg5+ Kh7 97. Qh5+ Kg7 98. Qf7+ Kh8 99. Qf5 Kg7 100. Qe6 Kh8 101. Kf7 Kh7 102. Qg6+ 1-0

[Event "Erfurt (Women)"]
[Site "Erfurt"]
[Date "2010.07.03"]
[Round "9"]
[White "Troyke, Doreen"]
[Black "Jussupow, Ekaterina"]
[Result "1/2-1/2"]
[WhiteElo "2087"]
[BlackElo "2174"]
[PlyCount "44"]
[EventDate "2010.07.03"]
[EventType "tourn"]
[EventRounds "9"]
[EventCountry "GER"]
[SourceTitle "CBM 137 Extra"]
[Source "ChessBase"]
[SourceDate "2010.09.01"]
[SourceVersion "1"]
[SourceVersionDate "2010.09.01"]
[SourceQuality "1"]

1. Nf3 Nf6 2. g3 d5 3. Bg2 Bg4 4. 0-0 Nbd7 5. d4 e6 6. c4 Be7 7. Nc3 0-0 8. Ne5 Nxe5 9. dxe5 Nd7 10. cxd5 Nxe5 11. dxe6 fxe6 12. Qxd8 Raxd8 13. Bxb7 Rb8 14. Bg2 Nc4 15. a3 Bf5 16. e4 Bg6 17. Rb1 Bf6 18. Na4 Nxa3 19. Ra1 Nc2 20. Rb1 Na3 21. Ra1 Nc2 22. Rb1 Na3 1/2-1/2

[Event "BL2-Sued 0910"]
[Site "Germany"]
[Date "2010.04.11"]
[Round "9.6"]
[White "Jussupow, Ekaterina"]
[Black "Frey, Alisa"]
[Result "1-0"]
[WhiteElo "2183"]
[BlackElo "2017"]
[PlyCount "51"]
[EventDate "2009.10.18"]
[EventType "team-tourn"]
[EventRounds "9"]
[EventCountry "GER"]
[SourceTitle "EXT 2011"]
[Source "ChessBase"]
[SourceDate "2010.11.26"]
[SourceVersion "1"]
[SourceVersionDate "2010.11.26"]
[SourceQuality "1"]
[WhiteTeam "Krumbach"]
[BlackTeam "Neuhausen"]
[WhiteTeamCountry "GER"]
[BlackTeamCountry "GER"]

1. d4 Nf6 2. Nf3 g6 3. c4 Bg7 4. Nc3 d5 5. e3 0-0 6. cxd5 Nxd5 7. Bc4 e6 8. 0-0 b6 9. e4 Nxc3 10. bxc3 Bb7 11. Ba3 Re8 12. Qe2 c5 13. dxc5 bxc5 14. Bxc5 Bxc3 15. Rab1 Qa5 16. Rxb7 Qxc5 17. Rc1 Bg7 18. Qd1 Qa5 19. Qd6 Qd8 20. Qxd8 Rxd8 21. Ng5 Nd7 22. Nxe6 fxe6 23. Bxe6+ Kh8 24. Bxd7 Rf8 25. Kf1 Rad8 26. Be6 1-0

[Event "BL 0910 (Women)"]
[Site "Germany"]
[Date "2010.03.14"]
[Round "9.2"]
[White "Kulovana, Eva"]
[Black "Jussupow, Ekaterina"]
[Result "1-0"]
[WhiteElo "2287"]
[BlackElo "2153"]
[PlyCount "91"]
[EventDate "2009.11.07"]
[EventType "team-tourn"]
[EventRounds "11"]
[EventCountry "GER"]
[SourceTitle "CBM 133 Extra"]
[Source "ChessBase"]
[SourceDate "2010.01.05"]
[SourceVersion "1"]
[SourceVersionDate "2010.01.05"]
[SourceQuality "1"]
[WhiteTeam "Grosslehna (W)"]
[BlackTeam "Wolfbusch (W)"]
[WhiteTeamCountry "GER"]
[BlackTeamCountry "GER"]

1. e4 d5 2. exd5 Qxd5 3. Nc3 Qa5 4. Bc4 Nf6 5. d3 g6 6. Bd2 Qb6 7. Nf3 Bg7 8. 0-0 0-0 9. h3 c6 10. Bb3 Nbd7 11. Re1 e6 12. Bf4 Nd5 13. Na4 Qd8 14. Bd6 b5 15. Bxf8 Qxf8 16. Bxd5 cxd5 17. Nc3 b4 18. Na4 Ba6 19. d4 Rc8 20. a3 Bb5 21. axb4 Qxb4 22. Nc3 a5 23. Nxb5 Qxb5 24. b3 Nb8 25. Ra4 Nc6 26. c4 Qb6 27. cxd5 exd5 28. Ne5 Nb4 29. Qf3 Rc7 30. Rd1 Qb5 31. Ng4 Qb6 32. Rxb4 axb4 33. Qxd5 Rc8 34. Ne5 Qc7 35. Nf3 Qc3 36. g3 Bf6 37. Ne5 Qc7 38. Ra1 Kg7 39. Ra6 Rd8 40. Qe4 Bxe5 41. dxe5 Rd1+ 42. Kg2 Qc3 43. e6 Re1 44. Qb7 Qf6 45. exf7 Qxf7 46. Ra7 1-0

[Event "BL 0910 (Women)"]
[Site "Germany"]
[Date "2010.02.20"]
[Round "6.2"]
[White "Rudolf, Anna"]
[Black "Jussupow, Ekaterina"]
[Result "1-0"]
[WhiteElo "2295"]
[BlackElo "2153"]
[PlyCount "57"]
[EventDate "2009.11.07"]
[EventType "team-tourn"]
[EventRounds "11"]
[EventCountry "GER"]
[SourceTitle "CBM 133 Extra"]
[Source "ChessBase"]
[SourceDate "2010.01.05"]
[SourceVersion "1"]
[SourceVersionDate "2010.01.05"]
[SourceQuality "1"]
[WhiteTeam "Rodewisch (W)"]
[BlackTeam "Wolfbusch (W)"]
[WhiteTeamCountry "GER"]
[BlackTeamCountry "GER"]

1. e4 d5 2. exd5 Qxd5 3. Nc3 Qa5 4. Bc4 c6 5. d3 Bf5 6. Bd2 e6 7. Qe2 Nd7 8. 0-0-0 Qe5 9. Be3 Bb4 10. f4 Qa5 11. g4 Bg6 12. Bd2 0-0-0 13. a3 Bxa3 14. Na2 Qa4 15. bxa3 b5 16. Bb3 Qxa3+ 17. Kb1 Qd6 18. Nf3 Ngf6 19. Ne5 Qc7 20. Nb4 Nxe5 21. fxe5 Nd7 22. d4 c5 23. Na6 Qc6 24. Nxc5 Nxc5 25. dxc5 Qxc5 26. Ba5 Rd7 27. Rxd7 Kxd7 28. Rd1+ Kc8 29. Qf3 1-0

[Event "BL2-Sued 0910"]
[Site "Germany"]
[Date "2010.02.07"]
[Round "6.6"]
[White "Fritsch, Rolf"]
[Black "Jussupow, Ekaterina"]
[Result "0-1"]
[WhiteElo "2242"]
[BlackElo "2183"]
[PlyCount "82"]
[EventDate "2009.10.18"]
[EventType "team-tourn"]
[EventRounds "9"]
[EventCountry "GER"]
[SourceTitle "EXT 2011"]
[Source "ChessBase"]
[SourceDate "2010.11.26"]
[SourceVersion "1"]
[SourceVersionDate "2010.11.26"]
[SourceQuality "1"]
[WhiteTeam "Stuttgart"]
[BlackTeam "Krumbach"]
[WhiteTeamCountry "GER"]
[BlackTeamCountry "GER"]

1. e4 d5 2. exd5 Qxd5 3. Nc3 Qa5 4. d4 Nf6 5. Bc4 Bg4 6. f3 Bf5 7. Nge2 e6 8. Be3 Nc6 9. a3 0-0-0 10. b4 Qb6 11. Na4 Bxb4+ 12. Kf2 Qa5 13. axb4 Qxb4 14. Bd3 Nd5 15. Bxf5 Nxe3 16. Kxe3 exf5 17. c3 Qd6 18. Kf2 Rhe8 19. Qc2 Ne7 20. Nb2 a6 21. g3 Qh6 22. Nc4 g5 23. Ne5 Qe6 24. Qa2 Nd5 25. c4 Nb4 26. Qb3 c5 27. f4 f6 28. Ra5 b6 29. Qf3 Kc7 30. Rxa6 Nxa6 31. Ra1 fxe5 32. Rxa6 exd4 33. Ra7+ Kd6 34. Rb7 Qe3+ 35. Qxe3 dxe3+ 36. Kf1 Kc6 37. Rf7 Rd1+ 38. Kg2 Rd2 39. Rf6+ Kd7 40. Rf7+ Ke6 41. Rxh7 g4 0-1

[Event "Krakow op 20th"]
[Site "Krakow"]
[Date "2010.01.02"]
[Round "6"]
[White "Jussupow, Ekaterina"]
[Black "Kalvaitis, Sigitas"]
[Result "0-1"]
[WhiteElo "2179"]
[BlackElo "2272"]
[PlyCount "86"]
[EventDate "2009.12.27"]
[EventType "swiss"]
[EventRounds "9"]
[EventCountry "POL"]
[SourceTitle "CBM 134 Extra"]
[Source "ChessBase"]
[SourceDate "2010.03.03"]
[SourceVersion "1"]
[SourceVersionDate "2010.03.03"]
[SourceQuality "1"]

1. d4 e6 2. e4 d5 3. Nc3 Bb4 4. exd5 exd5 5. Bd3 Nc6 6. a3 Be7 7. Nf3 Bg4 8. h3 Bh5 9. g4 Bg6 10. Bf4 Nf6 11. Qe2 0-0 12. 0-0-0 Re8 13. Bxg6 hxg6 14. Ne5 Bd6 15. Bg3 Qe7 16. Rhe1 Bxa3 17. Nxc6 bxc6 18. Qd3 Bxb2+ 19. Kxb2 Qb4+ 20. Kc1 Rxe1 21. Rxe1 a5 22. f3 Nd7 23. Bxc7 Rc8 24. Bg3 Nb6 25. Nd1 a4 26. Qc3 Qb5 27. Qc5 Qa6 28. Nc3 Nc4 29. Re7 Ra8 30. Rc7 a3 31. Qe7 Rf8 32. Ra7 Qb6 33. Bh4 Qb8 34. Qb7 Qf4+ 35. Kb1 Kh7 36. Qb4 c5 37. Qxc5 Rb8+ 38. Nb5 Qd2 39. Bg5 Qd1+ 40. Bc1 Nd2+ 41. Ka2 Qxc1 42. Qc3 Rxb5 43. Rxf7 Rb2+ 0-1